000 00816nam a2200277 i 4500
001 000008406
003 DO-SdBNP
005 20250707135507.0
007 ta
008 090916s2002 dr 000 0 spa d
020 _a9993478024
040 _aDO-SdBNP
_bspa
_cBNPHU
_erda
041 _aspa
082 4 _a808.882
_bB483c
_222
100 1 _aBeras Goico, Freddy
_eautor
_4aut.
_91913
245 1 3 _aLa columna de Freddy /
_cFreddy Beras Goico.
264 _aSanto Domingo, República Dominicana :
_bEditora Soto Castillo,
_c2002.
300 _avolumen ;
_b21 cm.
336 _atexto
_btxt
_2rdacontent
337 _asin mediación
_bn
_2rdamedia
338 _avolumen
_bnc
_2rdacarrier
650 4 _aAnécdotas
_921242
650 4 _aInterpretación oral
_922662
650 4 _aHumorismo
_97166
942 _2ddc
_cLBS1
999 _c8177
_d8177